The noble scholar, jurist, historian


 His Excellency Dr. Abdul Wahhab bin Ibrahim Abu Sulaiman, may Allah have mercy on him.


 He was born in Umm Al-Qura in the year 1356 AH.

أسواق فاس في العصر المريني (646-869 هـ / 1248-1465 م) / (Record no. 5672)

MARC details
000 -LEADER
fixed length control field 02940cam a2200349 i 4500
003 - CONTROL NUMBER IDENTIFIER
control field SA-RiAUC
005 - DATE AND TIME OF LATEST TRANSACTION
control field 20250206081043.0
008 - FIXED-LENGTH DATA ELEMENTS--GENERAL INFORMATION
fixed length control field 250201s2013 ua ah g b 00000 ara c
020 ## - INTERNATIONAL STANDARD BOOK NUMBER
International Standard Book Number 9789773415697
024 0# - OTHER STANDARD IDENTIFIER
Standard number or code 00000000530330
040 ## - CATALOGING SOURCE
Original cataloging agency SA-MaUQU
Language of cataloging ara
Transcribing agency SA-RiAUC.
Modifying agency AE-DuMBRL
Description conventions rda
043 ## - GEOGRAPHIC AREA CODE
Geographic area code f-mr---
050 #4 - LIBRARY OF CONGRESS CALL NUMBER
Item number A23 2013
082 04 - DEWEY DECIMAL CLASSIFICATION NUMBER
Classification number 953.0728
Assigning agency SA-RiAUC
090 ## - LOCALLY ASSIGNED LC-TYPE CALL NUMBER (OCLC); LOCAL CALL NUMBER (RLIN)
Classification number (OCLC) (R) ; Classification number, CALL (RLIN) (NR) 953.0728
Local cutter number (OCLC) ; Book number/undivided call number, CALL (RLIN) ع ب د ر
100 1# - MAIN ENTRY--PERSONAL NAME
Personal name عبد الرازق، هالة
Relator term مؤلف.
245 10 - TITLE STATEMENT
Title أسواق فاس في العصر المريني (646-869 هـ / 1248-1465 م) /
Statement of responsibility, etc. تأليف أ / هالة عبد الرازق.
250 ## - EDITION STATEMENT
Edition statement الطبعة الأولى.
264 #1 - PRODUCTION, PUBLICATION, DISTRIBUTION, MANUFACTURE, AND COPYRIGHT NOTICE
Place of production, publication, distribution, manufacture القاهرة :
Name of producer, publisher, distributor, manufacturer مكتبة الثقافة الدينية،
Date of production, publication, distribution, manufacture, or copyright notice 2013.
300 ## - PHYSICAL DESCRIPTION
Extent 289 صفحة :
Other physical details جداول، مثيلات ؛
Dimensions 24 × 17 سم
336 ## - CONTENT TYPE
Content type term نص
Content type code txt
Source rdacontent
Materials specified كتاب
337 ## - MEDIA TYPE
Media type term بدون وسيط
Media type code n
Source rdamedia
338 ## - CARRIER TYPE
Carrier type term مجلد
Carrier type code nc
Source rdacarrier
504 ## - BIBLIOGRAPHY, ETC. NOTE
Bibliography, etc. note يشتمل على إرجاعات ببليوجرافية.
504 ## - BIBLIOGRAPHY, ETC. NOTE
Bibliography, etc. note ببليوجرافية : صفحة 249-289.
505 0# - FORMATTED CONTENTS NOTE
Formatted contents note المحتويات : المقدمة-التمهيد-1-أحوال أسواق مدينة فاس في فترة الانتقال من الموحدين إلى المرينيين-2-نشأة دولة بني مرين-3-تأسيس فاس الجديد-الفصل الأول : المقومات الطبيعية والبشرية لازدهار أسواق فاس-الفصل الثاني : أسواق فاس ونشاطها الداخلي-الفصل الثالث : علاقة أسواق فاس بالأسواق الخارجية-الفصل الرابع : المعاملات المالية والتجارية في أسواق فاس-الفصل الخامس : الحياة الاجتماعية للعاملين في الأسواق.
520 ## - SUMMARY, ETC.
Summary, etc. يتحدث الكتاب عن أسواق مدينة فاس في عصر الدولة المرينية (646-869 هـ / 1248-1465 م) تلك الدولة التي قامت في المغرب الأقصى في النصف الثاني من القرن السابع الهجري / الثالث عشر الميلادي وقد كان للمرينيين دور هام في مدينة فاس حيث اهتموا بكل مظاهر الحياة الاقتصادية بما فيها الأسواق إلى جانب اهتمامهم بكل جوانب الحياة الثقافية والاجتماعية والدينية هكذا نقل المرينييون المغرب الأقصى من الفوضى والاضطراب والتدهور الذي أصاب هذه البلاد أواخر عهد الموحدين إلى الأمن والاستقرار.
651 #7 - SUBJECT ADDED ENTRY--GEOGRAPHIC NAME
Geographic name فاس (المغرب)
General subdivision أحوال اقتصادية
Chronological subdivision المرينيون، 1269-1465
Source of heading or term aucsh
651 #7 - SUBJECT ADDED ENTRY--GEOGRAPHIC NAME
Geographic name فاس (المغرب)
General subdivision تاريخ
Chronological subdivision المرينيون، 1269-1465
Source of heading or term aucsh
942 ## - ADDED ENTRY ELEMENTS (KOHA)
Source of classification or shelving scheme Dewey Decimal Classification
Koha item type Books
Suppress in OPAC No
949 ## - LOCAL PROCESSING INFORMATION (OCLC)
a SA-JeALM
d 250201
u mohamedma123
n 1
Holdings
Withdrawn status Lost status Source of classification or shelving scheme Damaged status Not for loan Home library Current library Date acquired Total checkouts Full call number Barcode Date last seen Price effective from Koha item type
    Dewey Decimal Classification     DR AbdElwahab Library DR AbdElwahab Library 02/06/2025   953.0728 ع ب د ر 000009022 02/06/2025 02/06/2025 Books